| Tag |
First Indicator |
Second Indicator |
Subfields |
| LEADER |
00000cam a2200000 a 4500 |
| 001 |
in00004465331 |
| 005 |
20210818134917.0 |
| 008 |
810723r19811976nyu b 00110 eng d |
| 010 |
|
|
|a 81065932
|
| 020 |
|
|
|a 0895030217
|
| 035 |
|
|
|a (OCoLC)07608421
|
| 035 |
|
|
|9 AAC3595MS
|
| 035 |
|
|
|z (UtOrBLW)7887
|
| 035 |
|
|
|a 12910
|
| 040 |
|
|
|a IDL
|c IDL
|d TMV
|d UtOrBLW
|
| 049 |
|
|
|a TMVM
|c 1
|
| 060 |
|
4 |
|a BF 789
|b D4 K14d 1981
|
| 100 |
1 |
|
|a Kalish, Richard A.
|
| 245 |
1 |
0 |
|a Death and ethnicity :
|b a psychocultural study /
|c Richard A. Kalish and David K. Reynolds.
|
| 264 |
|
1 |
|a Farmingdale, N.Y. :
|b Baywood Pub. Co.,
|c [1981]
|
| 264 |
|
4 |
|c ©1981
|
| 300 |
|
|
|a v, 224 pages ;
|c 23 cm.
|
| 336 |
|
|
|a text
|2 rdacontent
|b txt
|
| 337 |
|
|
|a unmediated
|2 rdamedia
|
| 338 |
|
|
|a volume
|2 rdacarrier
|b nc
|
| 490 |
1 |
|
|a Perspectives on death and dying series ;
|v 4
|
| 500 |
|
|
|a "First published and copyright in 1976 by the Ethel Percy Andrus Gerontology Center"--Title page verso.
|
| 504 |
|
|
|a Includes bibliographic references and index.
|
| 520 |
8 |
|
|a Diversity
|
| 650 |
|
2 |
|a Attitude to Death.
|
| 650 |
|
2 |
|a Cross-Cultural Comparison.
|
| 650 |
|
2 |
|a Funeral Rites.
|
| 700 |
1 |
|
|a Reynolds, David K.
|
| 830 |
|
0 |
|a Perspectives on death and dying series ;
|v 4.
|
| 948 |
|
|
|a Keep per EC, 2003 evaluation; retention reasons in 505, 520, 599, or 650 fields; 11/17/2003, sg.
|
| 999 |
|
|
|a MARS
|
| 999 |
f |
f |
|s 318d360e-23c3-311a-b654-e84701a6a1d0
|i 5edf0572-34d5-3fb9-a132-c881ce5f8f02
|t 0
|
| 952 |
f |
f |
|p ric
|a Texas A&M University
|b Rellis Campus
|c Joint Library Facility
|d Remote Storage
|t 0
|e BF 789 D4 K14d 1981
|h National Library of Medicine classification
|i unmediated -- volume
|m 3238900165903
|
| 998 |
f |
f |
|a BF 789 D4 K14d 1981
|t 0
|l Remote Storage
|